000 00272 a2200097 4500
245 _aJourney to the centre of the earth
_hprint
700 _aVerne, Jules
005 20191017173523.0
260 _anyu
_bAce Books
_c[c1956]
084 _aPZ3.V594 J5
300 _a256 p. 17 cm.
_b256 p. 17 cm.
_c256 p. 17 cm.
999 _c10371
_d10371